TEACHING OF HISTORY (Record no. 18960)
[ view plain ]
| 000 -LEADER | |
|---|---|
| fixed length control field | 00240nam a22001217a 4500 |
| 003 - CONTROL NUMBER IDENTIFIER | |
| control field | SGT |
| 082 ## - DEWEY DECIMAL CLASSIFICATION NUMBER | |
| Classification number | 900 |
| Item number | SIN |
| 100 ## - MAIN ENTRY--PERSONAL NAME | |
| Personal name | SINGH, DR. Y |
| 245 ## - TITLE STATEMENT | |
| Title | TEACHING OF HISTORY |
| 260 ## - PUBLICATION, DISTRIBUTION, ETC. (IMPRINT) | |
| Place of publication, distribution, etc | DELHI |
| Name of publisher, distributor, etc | APH |
| Year of Publication | 2019 |
| 300 ## - PAGE DESCRIPTION | |
| No. of Pages | 279 |
| 942 ## - ADDED ENTRY ELEMENTS (KOHA) | |
| Source of classification or shelving scheme | Dewey Decimal Classification |
| Koha item type | Books |
| Withdrawn status | Lost status | Source of classification or shelving scheme | Damaged status | Not for loan | Collection code | Home library | Current library | Date acquired | SGTU | Full call number | Accession No. (Barcode) | Date last seen | Bill Date | Koha item type |
|---|---|---|---|---|---|---|---|---|---|---|---|---|---|---|
| Dewey Decimal Classification | EDUCATION | SGT Engineering Library | SGT Engineering Library | 30/08/2019 | SGTU | 900 SIN | ED4331 | 30/08/2019 | 30/08/2019 | Books | ||||
| Dewey Decimal Classification | EDUCATION | SGT Engineering Library | SGT Engineering Library | 30/08/2019 | SGTU | 900 SIN | ED4332 | 30/08/2019 | 30/08/2019 | Books |